00852na a2200265 450000100060000000300080000600500170001400800410003102000180007203500100009004000250010008200220012510000210014724500980016824600210026626000660028730000170035349000230037049000530039350400190044660000550046565000220052065000210054270000230056312627MIRAKIL20181213155252.0160824b tu 000 0  a9786053991786 a12627 aMilasbturcTR-AnCHP a111.85bK84h 2011 aKula, Onur Bilge aHegel estetiği ve edebiyat kuramıcOnur Bilge Kula ; yayına hazırlayan Göksun Yazıcı aEdebiyat kuramı aİstanbulbİstanbul Bilgi Üniversitesi Yayınlarıc2011 a3 c.c23 sm. aFelsefe dizisiv11 aİstanbul Bilgi Üniversitesi yayınlarıv328 aDizin vardır. aHegel, Georg Wilhelm Friedrichd1770-1831xEstetik aEdebiyatxFelsefe aAlman filozoflar aYazıcı, Göksun